| 000 | 01040nam a22003017a 4500 | ||
|---|---|---|---|
| 003 | CHAP | ||
| 005 | 20220329134847.0 | ||
| 008 | 971013s1984 r 10010 d | ||
| 010 | _a27062 | ||
| 011 | _a28034 | ||
| 035 | _a32135 | ||
| 040 | _cCHAP | ||
| 090 | _aFolleto 7560 (1983) | ||
| 111 | 0 | 0 |
_aCongreso Nacional de Ciencia y Tecnología de Alimentos ( _n14 _d: 1983 _c: México, D.F.) _926915 |
| 245 | _aResumen general | ||
| 260 |
_aMéxico, D.F. : _bAsociación de Tecnólogos de Alimentos de México, _c1984 |
||
| 300 | _app. 8-21 | ||
| 500 | _aTrabajos aparecidos en Tecnología de Alimentos 19(1):8-21, 1984 | ||
| 590 |
_aBATCH-UPD _b10 _c20130110 _lUCH01 _h1151 |
||
| 590 |
_aBATCH-UPD _b10 _c20130410 _lUCH01 _h0735 |
||
| 590 |
_aBATCH-UPD _b10 _c20130914 _lUCH01 _h2115 |
||
| 590 |
_aCONVERSION _b10 _c20130109 _lUCH01 _h1316 |
||
| 650 | 1 | 4 |
_aAlimentos _xProcesado. _94267 |
| 650 | 1 | 4 |
_aAlimentos _xTecnologia _xCongresos. _94286 |
| 901 | _aBK | ||
| 942 | _cFOLL | ||
| 949 |
_aFolleto 7560 (1983) _bBC _cCONG _d-74361 _eCONG _i32135 _si |
||
| 999 |
_c27062 _d27062 |
||